| 000 | 00976nam2a2200289 4500 | ||
|---|---|---|---|
| 001 | rc\308678 | ||
| 005 | 20190620110241.0 | ||
| 035 | _a(NLR Aleph) 008760237 | ||
| 090 |
_a7860895 _c7860895 |
||
| 100 | _a20030307d1990 u |0rusy50 ca | ||
| 101 | 0 | _arus | |
| 102 | _aRU | ||
| 105 | _aa ||||||||| | ||
| 200 | 1 |
_aРемонт квартиры своими силами _f[А. Шепелев] |
|
| 210 | _d1990 | ||
| 215 |
_a32 с. _cил. |
||
| 461 | 0 |
_1001rc\308674 _12001#$aНаш дом$v4 _97961290 _cМ. _d1990- _nПлакат _tНаш дом _v4 |
|
| 606 | 1 |
_aКвартиры _xРемонт _92079721 _3RU\NLR\AUTH\661255614 |
|
| 606 | 1 |
_aДомашнее хозяйство _91162785 _3RU\NLR\AUTH\66147795 |
|
| 686 | 1 | _aМ79 | |
| 701 | 1 |
_aШепелев _bА. М. _gАлександр Михайлович |
|
| 801 | 0 |
_aRU _bNLR _gpsbo |
|
| 801 | 1 |
_aRU _bELAR _2rusmarc |
|
| 852 |
_aNLR _j90-7/1397 |
||
| 942 | _cBOOK | ||
| 980 | _aNB | ||